Návrh směrnice k solventnosti pojišťoven zveřejněn
Návrh smernice Európskeho parlamentu a Rady o prístupe k poisťovacím a zaisťovacím činnostiam a ich výkonu - Solventnosť II.
Salvato in:
| Autore principale: | |
|---|---|
| Natura: | Capitolo di libro |
| Lingua: | ceco |
| Soggetti: | |
| Tags: |
Nessun Tag, puoi essere il primo ad aggiungerne!!
|
MARC
| LEADER | 00000naa$a2200000$$$4500 | ||
|---|---|---|---|
| 001 | 0082026 | ||
| 005 | 20231006081051.1 | ||
| 041 | 0 | |a cze | |
| 044 | |a CZ | ||
| 245 | 1 | 0 | |a Návrh směrnice k solventnosti pojišťoven zveřejněn |c Jozef Keller |
| 520 | |a Návrh smernice Európskeho parlamentu a Rady o prístupe k poisťovacím a zaisťovacím činnostiam a ich výkonu - Solventnosť II. | ||
| 610 | 2 | 0 | |a solventnosť |
| 610 | 2 | 0 | |a smernice |
| 610 | 2 | 0 | |a Európska únia |
| 610 | 2 | 0 | |a poisťovne |
| 100 | 1 | |a Keller, Jozef | |